| 000 | 00880nam a2200277 a 4500 | ||
|---|---|---|---|
| 001 | 1599624 | ||
| 003 | OSt | ||
| 005 | 20240704114008.0 | ||
| 008 | 950324s1995 nyua b 001 0 eng | ||
| 010 | _a 94061334 | ||
| 020 | _a1572590017 | ||
| 040 | _cmust | ||
| 050 | 0 | 0 |
_aHB172.5 _b.M357 1995 |
| 082 | 0 | 0 |
_a339 MAN 1995 _220 |
| 100 | 1 |
_aMankiw, N. Gregory. _912764 |
|
| 245 | 1 | 0 |
_aMacroeconomics / _cN. Gregory Mankiw, William Scarth. |
| 250 | _aCanadian ed. | ||
| 260 |
_aNew York : _bWorth Publishers, _cc1995. |
||
| 300 |
_axxxvi, 556 p. : _bill. ; _c25 cm. |
||
| 504 | _aIncludes bibliographical references and index. | ||
| 650 | 0 |
_aMacroeconomics. _97608 |
|
| 700 | 1 |
_aScarth, William M., _d1946- _918431 |
|
| 906 |
_a7 _bcbc _corignew _d3 _eopcn _f19 _gy-gencatlg |
||
| 942 |
_2ddc _cO_SHELF |
||
| 999 |
_c9064 _d9064 |
||